[Event "African Online-ch Open 2021"]
[Site "Online"]
[Date "2021.02.01"]
[Round "5.3"]
[White "Seddaoui, Yamine"]
[Black "Amin, Bassem"]
[Result "0-1"]
[WhiteElo "2127"]
[BlackElo "2693"]
[Annotator "TA"]
[PlyCount "76"]
[EventDate "2021.02.01"]
[EventType "swiss"]
[EventCountry "NET"]
[SourceTitle "playchess.com"]
[Source "ChessBase"]
[SourceQuality "1"]

{[%evp 13,76,-13,6,-25,-8,-8,0,-31,-29,-26,-18,-16,0,-31,-31,-59,-20,-20,-6,-19,-28,-36,-35,-50,-32,-78,-59,-224,-239,-291,-261,-297,-285,-276,-279,-260,-251,-510,-509,-494,-480,-454,-421,-475,-493,-635,-647,-646,-643,-622,-634,-618,-638,-729,-752,-736,-703,-736,-729,-1307,-1302,-1300,-1300,-1297,-1296]} 1. e4 e6 2. d4 d5 3. e5 c5 4. c3 Nc6 5. Nf3 Bd7 6. a3 c4 7. g3 Nge7 8. h4 {C02: French: Advance Variation.} Na5 9. Nbd2 Nc8 10. Bh3 {The position is equal.} Nb6 11. O-O Be7 12. Ne1 Qc7 {[#]} 13. Qe2 $146 ({Predecessor:} 13. f4 O-O-O 14. Ng2 f5 15. exf6 gxf6 16. Qe1 e5 17. Bxd7+ Nxd7 18. Ne3 Nb6 19. Nf5 e4 20. Qe2 h5 21. Rf2 Qd7 22. Nxe7+ Qxe7 23. Nf1 f5 {0-1 (23) Seddaoui,Y (2160)-Volkov,S (2607) Algiers 2016}) 13... O-O-O 14. f4 f5 15. exf6 $1 gxf6 16. Bxe6 Bd6 17. Bxd7+ Qxd7 18. Kh2 Rhg8 19. Qg2 Rg4 20. Nc2 $2 {Loses the game.} ({Better is} 20. Rf3 $1 $15) 20... Rdg8 $19 21. Ne3 Rxg3 22. Qxg3 Rxg3 23. Kxg3 Qg7+ 24. Kf3 Qg6 25. f5 $2 (25. Ng2) 25... Qh5+ {[%mdl 64] [#] Double Attack. Black is clearly winning.} 26. Kf2 Qxh4+ 27. Ke2 Kd7 28. Rg1 Kc6 29. Rg4 Qh1 30. Nf3 {And now Rh4 would win.} Nb3 $1 {[%csl LRa1,LRc1][%mdl 64] [#] Double Attack} 31. Rg1 Qh5 32. Rb1 Qe8 33. Nd2 Bf4 34. Nxb3 cxb3 35. Kf2 Qe4 36. Bd2 Bxe3+ 37. Bxe3 Nc4 38. Rbe1 Nxb2 {Weighted Error Value: White=0.60/Black=0.05} 0-1

[Event "African Online-ch Open 2021"]
[Site "Online"]
[Date "2021.02.01"]
[Round "5.4"]
[White "Silva, David"]
[Black "Oatlhotse, Providence"]
[Result "1/2-1/2"]
[WhiteElo "2258"]
[BlackElo "2190"]
[Annotator "TA"]
[PlyCount "60"]
[EventDate "2021.02.01"]
[EventType "swiss"]
[EventCountry "NET"]
[SourceTitle "playchess.com"]
[Source "ChessBase"]
[SourceQuality "1"]

{[%evp 9,60,18,18,13,31,8,25,15,58,18,18,0,0,-16,29,39,83,74,108,60,90,63,58,52,46,14,22,0,0,0,0,0,0,0,0,8,9,14,28,0,0,0,0,0,0,0,0,0,0,0,14,0,0]} 1. e4 c6 2. d4 d5 3. e5 c5 4. dxc5 e6 5. Nf3 Bxc5 6. Bd3 {B12: Caro-Kann: Advance Variation.} Ne7 {is now debated instead of 6...Nc6.} 7. c3 Nec6 8. O-O {[#] White has an edge.} Qc7 $146 ({Predecessor:} 8... a5 9. Bf4 b6 10. Ng5 g6 11. Nf3 Ba6 12. Bxa6 Rxa6 13. Nd4 Nxd4 14. cxd4 Be7 {0-1 (84) Temichev,E (1954)-Gagarinov,S (2103) Zhukovsky 2012}) 9. Qa4 Nd7 {[%cal Bb8d7,Bd7b6,Bb6c4][%mdl 32]} 10. Bf4 Be7 11. b4 Nb6 12. Qc2 Bd7 {[#]} 13. a4 $1 {[%cal Ba2a4,Ba4a5][%mdl 32]} Rc8 {White must now prevent ...Nxb4!} 14. Qe2 Nb8 15. a5 Nc4 16. Nd4 a6 17. Bg3 Nc6 18. Nf3 Na7 19. Nd4 Nb5 20. Nxb5 Bxb5 21. f4 g6 22. Bf2 h5 23. Bd4 Qd7 24. Nd2 (24. Rf2 {looks sharper.} h4 25. h3 Kf8 26. Qg4 Bd8 27. Qf3) 24... Nxd2 {The position is equal.} 25. Qxd2 Bxd3 26. Qxd3 Rc4 27. Rab1 Qb5 28. Qe3 Kd7 29. Rbe1 Qc6 30. Rf3 Kc8 {Weighted Error Value: White=0.10/Black=0.09} 1/2-1/2

[Event "African Online-ch Open 2021"]
[Site "Online"]
[Date "2021.02.01"]
[Round "5.5"]
[White "Wanyama, Harold"]
[Black "Miguel, Sergio"]
[Result "1-0"]
[WhiteElo "2312"]
[BlackElo "2377"]
[Annotator "TA"]
[PlyCount "127"]
[EventDate "2021.02.01"]
[EventType "swiss"]
[EventCountry "NET"]
[SourceTitle "playchess.com"]
[Source "ChessBase"]
[SourceQuality "1"]

{[%evp 17,127,10,11,0,18,0,0,-18,-11,0,-10,-31,-30,-22,41,37,45,35,56,51,122,63,53,-8,19,0,54,41,39,-14,-14,-25,61,58,70,14,19,19,19,19,18,19,22,20,20,13,20,19,17,10,17,11,18,13,28,40,54,21,30,0,16,12,11,8,11,8,12,12,10,8,10,14,13,0,0,0,0,0,0,0,0,0,0,0,0,0,0,0,0,0,0,-28000,-28000,-28000,-28000,-28000,27999,27999,27999,27999,27999,27999,27999,27999,27999,27998,27997,27999,27997,27997,27998,27998]} 1. d4 Nf6 2. c4 e6 3. Nf3 b6 4. g3 Ba6 5. b3 Bb4+ 6. Bd2 Be7 7. Bg2 c6 8. O-O d5 9. Ne5 Nfd7 10. Nxd7 {E15: Queen's Indian: 4 g3 sidelines, 4 g3 Ba6 and 4 g3 Bb7 early deviations.} Nxd7 11. Re1 O-O {[#]} 12. Qc2 $146 {The position is equal.} ({Predecessor:} 12. Nc3 Rc8 13. e4 dxc4 14. e5 b5 15. bxc4 b4 16. Ne4 Bxc4 17. Qh5 Bd5 18. Ng5 {0-1 (24) Rauramaa,K-Nyysti,S (2445) Espoo 2003}) 12... Bf6 13. Bc3 Rc8 14. Nd2 c5 15. dxc5 d4 (15... Bxc3 $11 16. Qxc3 Rxc5) 16. Bb2 $14 bxc5 17. Ne4 $36 {[%mdl 2048] White is pushing.} Be7 18. e3 Qb6 (18... e5 $14) 19. Rad1 (19. exd4 $16 cxd4 20. Bxd4 $1 {[%mdl 512]} Qxd4 21. Rad1) 19... e5 $1 20. Nd2 (20. f4 $14) 20... Bd6 21. Ne4 Be7 $1 22. exd4 cxd4 {[#]} 23. Nd2 (23. Nc3 $1 $14 Bxc4 24. bxc4 Rxc4 {[%mdl 64] Pin} 25. Ba1 $1) 23... Bb4 24. a3 Bd6 (24... Bxd2 $11 25. Rxd2 Rfd8) 25. b4 Bb7 26. c5 (26. Ne4 $14 Be7 27. c5) 26... Bxg2 $11 27. Kxg2 Nxc5 28. bxc5 Rxc5 29. Qb3 Rb5 30. Qf3 Rxb2 31. Nc4 Rb3 {[%cal Rb3f3]} 32. Nxb6 Rxf3 33. Kxf3 axb6 {[%mdl 4096] Endgame KRR-KRB} 34. Ke4 Bxa3 35. Kxe5 Bc5 36. Kd5 g6 37. f4 {[%mdl 1024] White has compensation.} Kg7 38. g4 Kf6 39. Re5 Rd8+ 40. Ke4 h6 41. h4 Ra8 42. h5 Ra3 43. g5+ Kg7 $1 44. hxg6 Re3+ 45. Kf5 {Strongly threatening gxh6+.} fxg6+ 46. Ke6 {Black must now prevent Rxe3.} hxg5 47. fxg5 Rxe5+ 48. Kxe5 {Hoping for Ke6. KR-KB} Kf7 49. Rf1+ Ke7 50. Ke4 Ke8 51. Rf6 Be7 52. Rxg6 (52. Re6 {looks sharper.} Kd7 53. Re5 Bd6 54. Rd5 Kc6 55. Rxd4 b5 56. Kd3) 52... Kf7 53. Kf5 d3 $1 {[%cal Rd3d2] ...d2 is the strong threat.} 54. Rxb6 $2 {[%mdl 8192]} (54. Rh6 $11 d2 55. Rh7+ Kg8 56. Rh1) 54... d2 55. Rb1 Ba3 $4 {[%mdl 8192]} (55... Bd6 56. Rd1 Bb4) 56. g6+ Kg7 $4 {[%mdl 8192] [#]} (56... Kf8 57. Kg5 Bb2 {[%mdl 64] Promotion}) 57. Rb7+ $1 {White mates.} Kg8 58. Rd7 Bb4 59. Kg5 Be7+ 60. Kh6 Kf8 61. Rxd2 Kg8 62. Rd7 Bf8+ 63. g7 Be7 64. Rc7 {Weighted Error Value: White=0.26/Black=0.23} 1-0

[Event "African Online-ch Open 2021"]
[Site "Online"]
[Date "2021.02.01"]
[Round "5.6"]
[White "Paiva, Donaldo"]
[Black "Bouzidi, Ahmed"]
[Result "1-0"]
[WhiteElo "2230"]
[BlackElo "2163"]
[Annotator "TA"]
[PlyCount "79"]
[EventDate "2021.02.01"]
[EventType "swiss"]
[EventCountry "NET"]
[SourceTitle "playchess.com"]
[Source "ChessBase"]
[SourceQuality "1"]

{[%evp 19,79,20,16,4,13,-14,-15,-2,-6,-11,-1,9,31,55,48,38,32,35,75,72,96,53,48,52,96,80,144,116,112,107,120,119,96,49,70,0,140,136,141,152,185,47,47,47,47,47,50,-104,18,9,97,84,106,115,669,660,596,583,573,556,1251,1193]} 1. c4 c5 2. g3 Nc6 3. Bg2 g6 4. Nf3 Bg7 5. Nc3 e5 6. a3 Nge7 7. b4 d6 8. Rb1 Rb8 9. O-O O-O 10. d3 b6 11. Bd2 {A37: Symmetrical English vs ...g6: 4 Bg2 Bg7 5 Nf3.} Nd4 12. Ne1 Bb7 {[#]} 13. Bxb7 $146 {The position is equal.} ({Predecessor:} 13. Qa4 Bxg2 14. Nxg2 Rb7 15. f4 exf4 16. Nxf4 Ndf5 17. Ncd5 Nxd5 18. Nxd5 Nd4 19. e3 {1-0 (31) Ibarra Chami,L (2481)-Arribas Robaina,M (2321) Puebla 2013}) 13... Rxb7 14. Nc2 Nxc2 15. Qxc2 cxb4 16. axb4 d5 17. Rfc1 dxc4 18. dxc4 Rc7 19. Nb5 Rd7 20. Be1 a6 21. Nc3 {[%cal Bb5c3,Bc3a4,Ba4b6][%mdl 32]} Qa8 22. Na4 Qa7 (22... Rb7 $142) 23. c5 b5 24. Nb6 Rdd8 25. Ra1 Nc6 26. e3 e4 $1 27. Ra3 ({White should play} 27. Qxe4 $14 Bxa1 28. Rxa1) 27... Ne5 (27... Qb7 $11) 28. Qxe4 $16 f5 29. Qg2 g5 30. Bc3 (30. f4 $1 $18 {[%cal Rf4e5]} gxf4 31. exf4 (31. gxf4 Nd3 $11)) 30... Nd3 $14 {[%cal Rd3c1]} 31. Rb1 {And now Bd4 would win.} Bxc3 32. Rxc3 Nxb4 33. Qh3 $2 {[#]} (33. h4 $14 {stays ahead.} Qg7 34. Rcc1) 33... Nd3 ({Black should try} 33... Qg7 $1 $17 {[%cal Rg7c3]} 34. Ra3 (34. Rcc1 Nd3) 34... Qe7) 34. Qh6 $11 {Black must now prevent Rd1.} Qg7 (34... Qe7 $11) 35. Qxg7+ $16 Kxg7 36. c6 $36 {[%mdl 2048] White has strong initiative.} Ne5 $2 {[%mdl 8192] This costs Black the game.} (36... b4 $16 37. Rc2 Rd6) 37. c7 $18 {White is clearly winning.} Rc8 38. Nxc8 Rxc8 39. Rd1 {aiming for Rd8.} Kf6 40. Rd8 {Weighted Error Value: White=0.27/Black=0.51} 1-0

[Event "African Online-ch Open 2021"]
[Site "Online"]
[Date "2021.02.01"]
[Round "5.7"]
[White "Mosutha, Thuso"]
[Black "Ortega Amarelle, Mariano"]
[Result "1/2-1/2"]
[WhiteElo "2036"]
[BlackElo "2463"]
[Annotator "TA"]
[PlyCount "110"]
[EventDate "2021.02.01"]
[EventType "swiss"]
[EventCountry "NET"]
[SourceTitle "playchess.com"]
[Source "ChessBase"]
[SourceQuality "1"]

{[%evp 9,110,-18,33,29,34,31,36,42,38,13,32,15,9,5,32,-20,-6,-11,-10,-12,-10,-25,-28,-31,-27,-27,-22,-13,-20,-32,-29,-53,-52,-45,-50,-49,-45,-65,-30,-31,-17,-16,-28,-18,-32,-33,-31,-40,0,0,0,-6,-8,-1,0,0,0,0,0,0,0,0,0,0,0,-5,0,0,0,-31,0,0,0,0,0,0,0,0,0,0,0,0,0,0,0,0,0,0,0,0,0,0,0,0,0,0,0,0,0,0,0,0,0]} 1. e4 c5 2. d4 cxd4 3. c3 g6 4. Nf3 Bg7 5. Bc4 d3 (5... dxc3 $11 6. Nxc3 Nc6) 6. O-O {B27: Sicilian: 2 Nf3, unusual Black 2nd moves.} Nc6 {[%cal Bb8c6,Bc6a5,Ba5c4][%mdl 32]} 7. Qxd3 d6 8. Rd1 {White is slightly better.} Qc7 9. h3 Nf6 {[#]} 10. Bf4 $146 ({Predecessor:} 10. Na3 a6 11. Bb3 O-O 12. Be3 Na5 13. Nc4 Nxc4 14. Bxc4 b5 15. Bd5 Nxd5 16. exd5 {½-½ (50) Vachtfeidl,P (1948)-White,M (1828) England 2013}) 10... O-O 11. Nbd2 Na5 12. Bb5 ({White should try} 12. e5 $14 Bf5 13. Qf1 Nxc4 14. Nxc4 (14. Qxc4 Qxc4 15. Nxc4 dxe5 $11) 14... dxe5 15. Bxe5) 12... a6 $11 13. Ba4 b5 14. Bc2 Bb7 15. Bh2 Nc4 16. Rab1 Rfd8 17. Re1 Ne5 18. Nxe5 dxe5 19. Qe2 Nh5 20. Bb3 Nf4 21. Bxf4 exf4 22. Nf3 e6 23. Red1 Qc6 24. Bc2 a5 25. Nd4 Bxd4 26. cxd4 Qb6 27. Qd2 Rac8 28. Rbc1 Rc4 {[%cal Rd8d4]} 29. Qxf4 Rcxd4 30. Rxd4 Rxd4 31. Rd1 {[#] aiming for Qb8+.} Rxd1+ 32. Bxd1 b4 33. Bf3 Qd8 34. Qe5 Bc6 35. Qc5 Ba8 36. Qa7 Kg7 37. Qc5 h5 38. h4 Bb7 39. g3 Ba6 (39... Qf6 $5 {[%cal Rf6f3]} 40. Kg2 Qxb2 41. Qxa5 e5 $15) 40. Kg2 {The position is equal.} Qd3 41. a3 bxa3 42. bxa3 a4 43. e5 Bc4 44. Qe3 Qf1+ 45. Kh2 Bb3 46. Bc6 (46. Qc5 {looks sharper.} Qe1 47. Qd4 Qc1 48. Qd6 Qa1 49. Be4) 46... Bd5 47. Bxd5 exd5 {[%mdl 4096] Endgame KQ-KQ} 48. Qf4 Kg8 49. Qf6 Qe2 50. Qd8+ Kh7 51. Qf6 Kg8 52. Qd8+ Kg7 53. Qf6+ Kf8 54. Qd8+ Kg7 55. Qf6+ Kg8 {Weighted Error Value: White=0.06/Black=0.05} 1/2-1/2

[Event "African Online-ch Open 2021"]
[Site "Online"]
[Date "2021.02.01"]
[Round "5.8"]
[White "Kayonde, Andrew"]
[Black "Amdouni, Zoubaier"]
[Result "1/2-1/2"]
[WhiteElo "2393"]
[BlackElo "2229"]
[Annotator "TA"]
[PlyCount "83"]
[EventDate "2021.02.01"]
[EventType "swiss"]
[EventCountry "NET"]
[SourceTitle "playchess.com"]
[Source "ChessBase"]
[SourceQuality "1"]

{[%evp 22,83,14,2,26,0,3,5,24,0,0,-8,-6,0,83,0,0,0,0,0,-10,-87,-91,-93,-43,-53,-52,-41,-50,-44,-31,-21,0,0,0,0,0,0,0,0,0,-58,-50,-59,-54,-44,-22,-22,-20,-26,-8,-8,-8,-12,0,0,0,0,0,0,0,0,0,0]} 1. d4 d5 2. Nf3 Nf6 3. e3 c6 4. c4 e6 5. Nbd2 Nbd7 6. Bd3 Bd6 7. O-O O-O 8. e4 e5 9. cxd5 cxd5 10. exd5 exd4 11. Ne4 Nxe4 12. Bxe4 Nf6 {D30: Queen's Gambit Declined: Systems without Nc3.} 13. Qxd4 Nxe4 14. Qxe4 Qf6 15. Qd4 {[#]} Qf5 $146 ({Predecessor:} 15... Qxd4 16. Nxd4 Bd7 17. Be3 Rac8 18. Rac1 a6 19. Nb3 Rxc1 20. Rxc1 Rc8 21. Na5 Rxc1+ 22. Bxc1 {1-0 (51) Skatchkov,P (2486)-Utnasunov,A (2443) Tula 2009}) 16. Bd2 Rd8 17. Rfe1 Qh5 {[#]} (17... b6 $11 {keeps the balance.}) 18. Bc3 (18. Bb4 $1 $16 {[%cal Rb4d6] Hoping for Bxd6.} Bxb4 19. Re5 (19. Qxb4 Qxd5 20. Re5 Qc6 $14)) 18... f6 $11 19. Re3 b6 {aiming for ...Bc5.} 20. Qc4 Bb7 21. Rd1 {[#]} (21. Rd3 $11) 21... Bxh2+ $1 $17 {[%mdl 512]} 22. Kf1 {Threatening d6+.} (22. Nxh2 Qxd1+) 22... Rac8 23. Qh4 $1 {[%cal Rh4h5]} Qxh4 ({Much weaker is} 23... Rxd5 $6 24. Rxd5 Qxh4 25. Nxh4 $16) 24. Nxh4 {next g3 is good for White.} Ba6+ ({Much worse is} 24... Rxd5 $6 25. Rxd5 Bxd5 26. g3 $16) 25. Ke1 Bf4 26. Re6 Kf7 27. Nf5 Rc7 {And now ...Rxd5! would win.} 28. g3 Rxd5 29. Rxf6+ $1 gxf6 30. Rxd5 Ke6 31. Rd8 (31. Rd4 $11 Be5 32. Ra4) 31... Kxf5 $15 32. gxf4 {[%mdl 4096] Endgame KRB-KRB} Re7+ 33. Kd1 Kxf4 34. Bxf6 Rf7 35. Bd4 h5 36. Be3+ {The position is equal.} Kf3 37. Rh8 Rd7+ 38. Ke1 Kg4 39. Rg8+ Kf3 40. Rh8 Kg4 41. Rg8+ Kf3 42. Rh8 {Accuracy: White = 84%, Black = 91%.} 1/2-1/2

[Event "African Online-ch Open 2021"]
[Site "Online"]
[Date "2021.02.01"]
[Round "5.9"]
[White "Hamzaoui, Khalil"]
[Black "Zaibi, Amir"]
[Result "1/2-1/2"]
[WhiteElo "1883"]
[BlackElo "2381"]
[Annotator "TA"]
[PlyCount "115"]
[EventDate "2021.02.01"]
[EventType "swiss"]
[EventCountry "NET"]
[SourceTitle "playchess.com"]
[Source "ChessBase"]
[SourceQuality "1"]

{[%evp 18,115,17,0,81,82,83,72,81,71,75,80,77,75,83,63,79,56,97,107,148,138,148,81,88,0,0,0,50,63,75,59,93,8,11,16,27,27,29,27,37,0,0,0,0,0,0,-60,0,0,0,0,0,0,0,0,125,0,0,0,0,0,0,-92,-85,-85,-85,-154,-72,-234,-228,-173,-242,-230,-158,-160,-91,-154,-137,-157,-148,-227,-222,-204,-215,-194,-182,-377,-373,-375,0,0,16,0,0,0,43,0,0,0]} 1. Nf3 d5 2. c4 e6 3. g3 Nf6 4. Bg2 Be7 5. O-O O-O 6. d4 dxc4 7. Qc2 a6 8. a4 Bd7 9. Rd1 Bc6 10. Nc3 {10.Bg5 gains popularity.} a5 {E05: Open Catalan: 5 Nf3 Be7.} (10... Bxf3 $11 {remains equal.} 11. Bxf3 Nc6) 11. e4 $1 $16 Na6 {[%cal Bb8a6,Ba6b4,Bb4d3][%mdl 32]} 12. Ne5 Nb4 {White is better.} 13. Qe2 Nd3 14. Nxc4 Nxc1 15. Raxc1 Bb4 16. Ne5 Be8 17. Qc4 {[#]} Qe7 $146 ({Predecessor:} 17... Nd7 18. Nxd7 Qxd7 19. Na2 Qxa4 20. Nxb4 axb4 21. Qxc7 Bc6 22. d5 Rac8 23. Qb6 Qb5 24. Qxb5 Bxb5 {1-0 (52) Dragnev,V (2514)-Neumair,J (2123) Karlsruhe 2019}) 18. Nd3 Rd8 19. e5 Nd5 20. Bxd5 (20. Nxd5 $142 exd5 21. Bxd5) 20... Bxc3 21. Rxc3 (21. Qxc3 $16 Rxd5 22. Nf4 (22. Qxc7 Qxc7 23. Rxc7 Bxa4 $11)) 21... Rxd5 $11 22. Nf4 Rd7 23. b3 Qg5 24. h4 Qg4 25. Qe2 (25. Rcd3 $16) 25... Qxe2 26. Nxe2 f6 27. Rdc1 fxe5 28. dxe5 Rd2 29. Nf4 (29. R3c2 {looks sharper.} Rd5 30. Rc5 Rf3 31. Rxc7 Bc6 32. Nf4) 29... Bc6 30. R3c2 Rxc2 31. Rxc2 {[%mdl 4096] Endgame KRB-KRN} Rd8 {( -> ...Rd1+)} 32. Rc1 (32. Nxe6 $2 {gets mated.} Rd1+ 33. Kh2 Rh1#) (32. f3 $11) 32... Kf7 ({Better is} 32... Bf3 $1 $15) 33. Kf1 Rd2 34. Ke1 Rb2 35. Rc3 Ke7 36. Nd3 Ra2 (36... Rb1+ $11 37. Ke2 Kd8) 37. Nc1 (37. Nc5 $1 $16) 37... Rb2 38. Nd3 Rb1+ 39. Ke2 Kd8 40. Nc1 (40. Nf4 $11) 40... Rb2+ $1 $17 41. Ke3 Bd5 42. f4 (42. h5 $142) 42... h5 (42... b6 $142 43. Rd3 c5) 43. Kd4 $2 (43. f5 $17) 43... b6 $19 44. f5 c5+ 45. Ke3 Ke7 ({Don't go for} 45... exf5 $2 46. Rd3 $18) 46. fxe6 Bxe6 (46... Kxe6 $142 47. Nd3 Rb1 48. Nf4+ Kxe5 49. Nxd5 Kxd5 50. Rd3+ Ke5) 47. Kf4 (47. Rd3 $142) 47... Rf2+ 48. Ke3 Rg2 49. Ne2 (49. Ke4 $17 {keeps fighting.}) 49... Bg4 50. Nf4 Rxg3+ 51. Kd2 {[#]} Rg1 52. Nd5+ $2 (52. Rd3 {is a better defense.}) 52... Ke6 53. Nxb6 {[#]} Kxe5 $2 ({Black should play} 53... g5 $1 $19 {[%cal Rg5h4]} 54. Rxc5 (54. hxg5 $2 h4 $19) 54... gxh4) 54. Rxc5+ $11 {[%mdl 64] Double Attack} Kd4 55. Rc4+ Ke5 56. Rc5+ {[%mdl 64] Double Attack} Kd4 57. Rc4+ Ke5 58. Rc5+ {[%mdl 64] Double Attack. White used his chance.  Weighted Error Value: White=0.31/Black=0.29} 1/2-1/2

[Event "African Online-ch Open 2021"]
[Site "Online"]
[Date "2021.02.01"]
[Round "5.10"]
[White "Abdelazeez, Mohamed Abdalla"]
[Black "Simoes, Joao"]
[Result "0-1"]
[WhiteElo "2214"]
[BlackElo "2228"]
[Annotator "TA"]
[PlyCount "44"]
[EventDate "2021.02.01"]
[EventType "swiss"]
[EventCountry "NET"]
[SourceTitle "playchess.com"]
[Source "ChessBase"]
[SourceQuality "1"]

{[%evp 9,44,0,0,-32,-11,-30,0,0,1,-22,-14,-54,-47,-53,-37,-140,-139,-309,-291,-399,-404,-388,-392,-421,-415,-516,-516,-508,-502,-541,-520,-500,-504,-488,-468,-958,-949]} 1. d4 d5 2. e3 Nf6 3. Bd3 e6 4. Nd2 b6 5. Qe2 Bb7 6. f4 {[#] D00: 1 d4 d5: Unusual lines.} Ne4 $146 ({Predecessor:} 6... c5 7. c3 Nbd7 8. Ngf3 Be7 9. O-O Rc8 10. Ne5 O-O 11. g4 Ne4 12. Rf3 f5 {1-0 (23) Da Veiga,O (1590)-Coan,D Sao Bento do Sul 2015}) 7. Ngf3 Bd6 8. O-O {The position is equal.} Nd7 9. c4 O-O 10. Bxe4 dxe4 11. Ng5 Nf6 12. g4 (12. b3 $15) 12... c5 $17 13. Qg2 $2 {[#] Loses the game.} (13. dxc5 $17 {might work better.} Bxc5 14. Nb3) 13... cxd4 $19 14. exd4 Be7 15. Nb3 Rc8 16. Qe2 Ba6 17. Rd1 Bxc4 {Black is clearly winning.} 18. Qg2 Bd3 19. Rxd3 exd3 20. Qh3 Qd5 21. Qxd3 h6 22. Ne4 (22. Nf3 $142) 22... Qxe4 {Weighted Error Value: White=0.75/Black=0.05} 0-1

[Event "African Online-ch Open 2021"]
[Site "Online"]
[Date "2021.02.01"]
[Round "5.11"]
[White "Calicoca, Wilton Inacio"]
[Black "Joelson, Ricardo"]
[Result "0-1"]
[WhiteElo "2122"]
[BlackElo "2017"]
[Annotator "TA"]
[PlyCount "62"]
[EventDate "2021.02.01"]
[EventType "swiss"]
[EventCountry "NET"]
[SourceTitle "playchess.com"]
[Source "ChessBase"]
[SourceQuality "1"]

{[%evp 9,62,-19,22,-16,11,-5,15,-18,16,-15,40,-4,0,0,0,-8,-6,-66,-31,-104,-58,-97,-62,-141,-186,-223,-264,-226,-219,-335,-337,-364,-362,-687,-683,-861,-740,-1005,-753,-884,-858,-1289,-1247,-1356,-1293,-29991,-29992,-29995,-1325,-29996,-29997,-29997,-29998,-29998,-29999]} 1. e4 e5 2. Nf3 Nf6 3. Nc3 Bb4 4. d3 Nc6 5. Be2 h6 6. a3 {C42: Petroff Defence: 3 Nxe5 and unusual White 3rd moves.} Ba5 (6... Bxc3+ $5 7. bxc3 d5 $11) 7. h3 d6 8. Bd2 {The position is equal.} Be6 9. O-O (9. b4 $5 {[%cal Rb4a5]} Bb6 10. Na4 $11) 9... Qd7 ({Black should play} 9... a6 $11) 10. Kh2 {[#]} (10. b4 $5 {[%cal Rb4a5]} Bb6 11. Na4 $11) 10... g5 $146 ({Predecessor:} 10... a6 11. b4 Bb6 12. Be3 O-O 13. Qd2 Ne7 14. d4 c6 15. dxe5 Bxe3 16. Qxe3 dxe5 17. Nxe5 {½-½ (79) Vrdoljak,J-Grgurevic,B (1541) Osijek 2012}) 11. b4 Bb6 12. b5 Ne7 13. Ng1 (13. a4 $11) 13... Ng6 14. Be3 (14. a4 $15) 14... g4 {White is on the road to losing.} 15. d4 {Threatens to win with d5.} gxh3 {White must now prevent ...Ba5.} 16. gxh3 ({Better is} 16. g3 $1 $15) 16... Qe7 $17 17. d5 Bd7 18. a4 h5 19. Qd2 {[#]} (19. Kh1 $142) 19... Ng4+ $1 $19 {[%mdl 512]} 20. Bxg4 hxg4 21. Bg5 $2 (21. a5 Bxe3 22. fxe3) 21... f6 22. Be3 Qh7 {Strongly threatening ...g3+!} 23. Bxb6 axb6 24. Qe3 Nf4 {[%cal Rf4h3]} 25. Nce2 Nxe2 26. Qxe2 g3+ 27. Kxg3 Bxh3 28. Kf3 Bg4+ 29. Kxg4 Qh5+ {Black mates.} 30. Kg3 Rg8+ 31. Qg4 Qxg4+ {Weighted Error Value: White=1.17/Black=0.43} 0-1

[Event "African Online-ch Open 2021"]
[Site "Online"]
[Date "2021.02.01"]
[Round "5.12"]
[White "Gohil, Mehul"]
[Black "Cambando, Jose"]
[Result "1-0"]
[WhiteElo "1991"]
[BlackElo "2128"]
[Annotator "TA"]
[PlyCount "47"]
[EventDate "2021.02.01"]
[EventType "swiss"]
[EventCountry "NET"]
[SourceTitle "playchess.com"]
[Source "ChessBase"]
[SourceQuality "1"]

{[%evp 9,47,61,57,24,25,39,141,9,6,0,66,63,138,115,141,150,167,167,187,157,231,191,250,277,236,127,287,204,1329,1291,1318,1293,1375,1365,1311,1289,29993,29994,29994,29995]} 1. d4 Nf6 2. Bg5 Ne4 3. Bf4 g5 4. Be5 f6 5. e3 h5 {[#]} 6. Bd3 $1 {A45: Trompowsky Attack.} d5 {[#]} 7. f3 $1 Bf5 (7... Nd6 8. Bxd6) 8. Bg3 ({White has to play} 8. fxe4 $16 {Hoping for Bxc7.} dxe4 9. Bb5+ c6 10. Bxb8) 8... Nxg3 $11 9. hxg3 {[#]} Bxd3 $146 (9... e6 $11) ({Predecessor:} 9... Qd7 10. g4 Bxd3 11. Qxd3 h4 12. Qg6+ Kd8 13. Nc3 Nc6 14. O-O-O Kc8 15. Qf7 b6 16. Qxd5 Qxd5 17. Nxd5 {0-1 (51) Purtseladze,M (2274)-Fier,A (2560) chess.com INT 2020}) 10. Qxd3 $14 Kf7 ({Black should play} 10... Nc6 $14) 11. Nc3 e6 12. O-O-O Bd6 13. f4 g4 14. e4 c6 (14... dxe4 $16 {is a better defense.} 15. Nxe4 (15. Qxe4 Nd7 $16) 15... Qd7) 15. Nge2 Na6 (15... f5 $142) 16. f5 $18 Qd7 17. Rdf1 (17. fxe6+ $18 Qxe6 18. Rdf1) 17... Nb4 $2 {This costs Black the game.} (17... e5 $16) 18. Qe3 dxe4 $2 (18... e5 19. a3 exd4 20. Qxd4 (20. Nxd4 c5 $16) 20... Na6) 19. fxe6+ Qxe6 20. Nxe4 Rag8 21. Rxf6+ Qxf6 22. Nxf6 {And now Rf1 would win.} Kxf6 23. Rf1+ Kg6 24. Qe6+ {[%mdl 64] Double Attack.  Weighted Error Value: White=0.41/Black=0.69} 1-0